US State Flowers, Trees, & Birds by state - Statistics

General Stats
  • This quiz has been taken 9 times
  • The average score is 11 of 152
Answer Stats
State Symbol Answer % Correct
Bird Baltimore Oriole
43%
Texas Flower Bluebonnet
43%
Tree Coast Redwood
43%
Bird Brown Pelican
29%
Bird Brown Thrasher
29%
Giant Sequoia
29%
Bird Nene
29%
Bird Northern Cardinal
29%
Bird Northern Mockingbird
29%
Bird Ring-Necked Pheasant
29%
Bird Roadrunner
29%
Bird Ruffed Grouse
29%
Tree Sugar Maple
29%
Bird American Robin
14%
Bird American Robin
14%
Bird American Robin
14%
Tree American White Birch
14%
Bird Black-Capped Chickadee
14%
Maryland Flower Black-Eyed Susan
14%
Tree Bur Oak
14%
Bird California Quail
14%
Alabama Flower Camellia
14%
Georgia Flower Cherokee Rose
14%
Bird Common Loon
14%
Bird Delaware Blue Hen
14%
Bird Eastern Bluebird
14%
Tree Eastern White Pine
14%
North Carolina Flower Flowering Dogwood
14%
Virginia Flower Flowering Dogwood
14%
Tree Flowering Dogwood
14%
Bird Lark Bunting
14%
Bird Mountain Bluebird
14%
Bird Mountain Bluebird
14%
Bird Northern Cardinal
14%
Bird Northern Cardinal
14%
Bird Northern Cardinal
14%
Bird Northern Cardinal
14%
Bird Northern Cardinal
14%
Bird Northern Mockingbird
14%
Tree Northern Red Oak
14%
Oklahoma Flower Oklahoma Rose
14%
Florida Flower Orange Blossom
14%
Tree Pecan
14%
Tree Pine
14%
California Flower Poppy
14%
Tree Red Maple
14%
West Virginia Flower Rhododendron
14%
New York Flower Rose
14%
Tree Sabal Palm
14%
Tree Sabal Palm
14%
Arizona Flower Saguaro Cactus Blossom
14%
Bird Scissor-Tailed Flycatcher
14%
Tree Southern Live Oak
14%
Mississippi Flower Southern Magnolia
14%
Tree Southern Magnolia
14%
Tree Sugar Maple
14%
Tree Sugar Maple
14%
Tree Sugar Maple
14%
Bird Western Meadowlark
14%
Tree White Oak
14%
Tree White Oak
14%
Tree White Oak
14%
Bird Willow Ptarmigan
14%
Bird Yellowhammer
14%
Tree American Elm
0%
Tree American Elm
0%
Tree American Holly
0%
Arkansas Flower Apple Blossom
0%
Michigan Flower Apple Blossom
0%
Tree Bald Cypress
0%
Montana Flower Bitterroot
0%
Bird Black-Capped Chickadee
0%
Tree Black Hills Spruce
0%
Tree Blue Palo Verde
0%
Tree Bristlecone Pine
0%
Bird Cactus Wren
0%
Bird California Gull
0%
Bird Carolina Wren
0%
Colorado Flower Colorado Blue Columbine
0%
Tree Colorado Blue Spruce
0%
Tree Douglas Fir
0%
Bird Eastern Bluebird
0%
Tree Eastern Cottonwood
0%
Tree Eastern Cottonwood
0%
Bird Eastern Goldfinch
0%
Bird Eastern Goldfinch
0%
Tree Eastern Hemlock
0%
Tree Eastern Redbud
0%
Tree Eastern White Pine
0%
Tree Flowering Dogwood
0%
Alaska Flower Forget-Me-Not
0%
Kentucky Flower Goldenrod
0%
Nebraska Flower Goldenrod
0%
Missouri Flower Hawthorn
0%
Bird Hermit Thrush
0%
Hawaii Flower Hibiscus
0%
Wyoming Flower Indian Paintbrush
0%
Tennessee Flower Iris
0%
Tree Kukui
0%
Minnesota Flower Lady's Slipper
0%
Tree Loblolly Pine
0%
Tree Longleaf Pine
0%
Louisiana Flower Magnolia
0%
Massachusetts Flower Mayflower
0%
Idaho Flower Mock Orange
0%
Connecticut Flower Mountain Laurel
0%
Pennsylvania Flower Mountain Laurel
0%
Bird Northern Cardinal
0%
Bird Northern Mockingbird
0%
Bird Northern Mockingbird
0%
Bird Northern Mockingbird
0%
Tree Ohio Buckeye
0%
Oregon Flower Oregon Grape
0%
Washington Flower Pacific Rhododendron
0%
South Dakota Flower Pasque Flower
0%
Delaware Flower Peach Blossom
0%
Indiana Flower Peony
0%
Tree Piñon Pine
0%
Tree Plains Cottonwood
0%
Tree Ponderosa Pine
0%
Bird Purple Finch
0%
New Hampshire Flower Purple Lilac
0%
Tree Quaking Aspen
0%
Vermont Flower Red Clover
0%
Tree Red Pine
0%
Bird Rhode Island Red
0%
Nevada Flower Sagebrush
0%
Ohio Flower Scarlet Carnation
0%
Utah Flower Sego Lily
0%
Single-Leaf Piñon
0%
Tree Sitka Spruce
0%
Kansas Flower Sunflower
0%
Tree Tulip Tree
0%
Tree Tulip Tree
0%
Tree Tulip Tree
0%
Illinois Flower Violet
0%
New Jersey Flower Violet
0%
Rhode Island Flower Violet
0%
Tree Western Hemlock
0%
Bird Western Meadowlark
0%
Bird Western Meadowlark
0%
Bird Western Meadowlark
0%
Bird Western Meadowlark
0%
Bird Western Meadowlark
0%
Tree Western White Pine
0%
Maine Flower White Pine Cone
0%
North Dakota Flower Wild Prairie Rose
0%
Iowa Flower Wild Rose
0%
Bird Willow Goldfinch
0%
Wisconsin Flower Wood Violet
0%
South Carolina Flower Yellow Jessamine
0%
New Mexico Flower Yucca
0%
No matching quizzes found
Score Distribution
Percent of People with Each Score
Percentile by Number Answered
Your Score History
You have not taken this quiz